000 00361nam a2200133Ia 4500
008 240624s9999 xx 000 0 und d
041 _aeng
082 _a658.812 TAT
100 _aTATE RICK
245 _aSERVICE PRO BETTER FASTER AND DIFFERENT
260 _c2010
_aMumbai
_bBook Land International Pvt. Ltd.
300 _a173 : p. : cm. ; 27
365 _cRS
_b25
999 _c17986
_d17986